[Event "Schoenhagen Cup Seniors 20th"]
[Site "Schoenhagen/Uslar"]
[Date "2011.09.06"]
[Round "2"]
[White "Pannenbaecker, Hermann Josef"]
[Black "Till, Peter"]
[Result "1/2-1/2"]
[WhiteElo "1608"]
[BlackElo "1363"]
[PlyCount "59"]
[EventDate "2011.09.05"]
[EventType "swiss"]
[EventRounds "9"]
[EventCountry "GER"]
[SourceTitle "EXT 2012"]
[Source "ChessBase"]
[SourceDate "2011.11.24"]
[SourceVersion "1"]
[SourceVersionDate "2011.11.24"]
[SourceQuality "1"]

1. e4 Nc6 2. Nf3 f5 3. e5 d6 4. exd6 cxd6 5. d4 Nf6 6. Nc3 d5 7. Bf4 a6 8. Be2 e6 9. Ne5 Nxe5 10. Bxe5 Be7 11. h3 0-0 12. g4 Ne4 13. Nxe4 fxe4 14. 0-0 Bh4 15. f3 exf3 16. Rxf3 Rxf3 17. Bxf3 Bd7 18. a4 Rc8 19. b3 Qg5 20. Qd3 Be8 21. c4 Bg6 22. Qe2 h5 23. c5 hxg4 24. Bxg4 Rf8 25. Rf1 Rxf1+ 26. Kxf1 Qc1+ 27. Kg2 Be4+ 28. Bf3 Qg5+ 29. Kh1 Qh5 30. Kg2 1/2-1/2